000
00312nam a22001457a 4500
008
221117b ||||| |||| 00| 0 eng d
020
_a
9781401908973
041
_a
eng
080
_a
159.9
082
_a
159.9DYE
100
_a
25
101
_a
PSI
245
_a
IMACULEE IIiBAGiZA
_c
ERWIN S
942
_2
udc
_c
BK
999
_c
58930
_d
58930